• 首页
  • 本馆介绍
  • 公告通知
  • 最新文献
  • 馆藏检索
  • 电子资源
  • 读者导购
  • 参考咨询
  • 我的图书馆
  • 登录
  • 详细信息显示
  • 放入我的书架
  • 预约/预借图书
  • 作者相关作品
  • 分类相关作品
  • 丛书相关作品
  • 出版社相关作品

书目信息

  • 表格格式
  • 工作单格式
  • 卡片格式
题名:
论俄罗斯教育
    
 
作者: 徐晓菲 , 丁禹楠 编著
分册:  
出版信息: 长春   吉林教育出版社  2012.6
页数: 202页
开本: 24cm
丛书名:
单 册:
中图分类: G551.2
科图分类:
主题词: 教育事业--研究--俄罗斯 , 教育事业
电子资源:
ISBN: 978-7-5383-8979-1
000 00705nam0 2200241 45
001 1354487389
005 20130510095509.59
010    @a978-7-5383-8979-1@dCNY25.80
100    @a20130108d2012 ekmy0chiy0120 ea
101 0  @achi
102    @aCN@b220000
105    @ay z 000yy
106    @ar
200 1  @a论俄罗斯教育@ALun E Luo Si Jiao Yu@f徐晓菲,丁禹楠编著@FXu Xiao Fei, Ding Yu Nan Bian Zhu
210    @a长春@c吉林教育出版社@d2012.6
215    @a202页@d24cm
606 0  @a教育事业@x研究@y俄罗斯
606 0  @a教育事业
690    @aG551.2@v5
701  0 @a徐晓菲@AXu Xiao Fei@4编著
701  0 @a丁禹楠@ADing Yu Nan@4编著
801    @aCN@bTANGWEI@c20130109
905    @b0830237-40@dG551.2@e57@f4
    
    论俄罗斯教育/徐晓菲,丁禹楠编著.-长春:吉林教育出版社,2012.6
    202页;24cm
    
    
    ISBN 978-7-5383-8979-1:CNY25.80
    
●
相关链接 在E读中查询图书 在五车中查询图书 在当当中查询图书 在豆瓣中查询图书


正题名:论俄罗斯教育     索取号:G551.2/57         预约/预借

序号 登录号 条形码 馆藏地/架位号 状态 备注
1 0830237   208302371   第一样本阅览室/ [索取号:G551.2/57] 在馆    
2 0830238   208302380   第四借阅区/ [索取号:G551.2/57] 在馆    
3 0830239   208302399   第四借阅区/ [索取号:G551.2/57] 在馆    
4 0830240   208302406   教育系资料室/ [索取号:G551.2/57] 在馆    
唐山师范学院图书馆 欢迎您!
大连网信软件有限公司© 版权所有